01309nam a2200265 a 4500001001000000003000400010005001700014007000300031008004100034020001800075040002500093041000800118082002300126100002900149245009600178260005300274300002000327490001200347500004400359504003800403505046800441505010300909505002001012830001101032000047891OSt20210118101905.0ta181002s2018 000 spa d a9788469791035 aDO-SdBNPbspacBNPHU hspa aBNPHU- xxxxbA795a1 aArvelo, Alejandrod1959-10aAristóteles o la precisión :bapuntes a la pasión del que nombra /cAlejandro Arvelo. aSanto Domingo :bACUDEBI ,bSolenodonte ,c2018. a71 p. ;c26 cm.1 aEnsayo. aIncluye datos biográficos del autor . aIncluye bibliografía, pg. 69-711 aEl imperialismo de precisión, ¿un requerimiento táctico para filosofar? :tI. la propiedad y la exactitud, normas de hechos en Aristóteles. II. la lengua, ¿medio o causa eficiente del pensamiento? II. retórica, pensamiento e imperativo de precisión. IV. la delimitación rigurosa de matices, vínculo intangible entre lógica y retórica. V. modos, utilidad y conciencia del valor hermenéutico de la precisión terminológica en Aristóteles.1 aPrecisión como método y como reserva crítica de la humanidad en las actuales circunstancias.1 aBibliografía.00aEnsayo